LEADER 01330cam2 2200301 450 001 E600200064382 005 20220705084731.0 010 $a9024719135 100 $a20100604d1976 |||||ita|0103 ba 101 $ager 102 $aNL 200 1 $a<<3, 1: >>Ideen zu einer reinen Phänomenologie und phänomenologischen Philosophie$e1. Buch - 1. Halbband$eAllgemeine Einführung in die reine Phänomenologie - Text der 1.-3. Auflage$fEdmund Husserl$gneu hrsg. von Karl Schuhmann 210 $aDen Haag$cMartinus Nijhoff$d1976 215 $aLVII, 474 p.$d25 cm 461 1$1001E600200064519$12000 $aGesammelte Werke 700 1$aHusserl$b, Edmund$3AF00004903$4070$035554 702 1$aSchuhmann, Karl$3A600200053475$4070 801 0$aIT$bUNISOB$c20220705$gRICA 850 $aUNISOB 852 $aUNISOB$j100|Coll|56|K$m52705 852 $aUNISOB$j100|Coll|56|K$m52888 912 $aE600200064382 940 $aM 102 Monografia moderna SBN 941 $aM 957 $a100|Coll|56|K$b000012$i-1$gSi$d52705$racquisto$1beth$2UNISOB$3UNISOB$420100604091548.0$520220705084628.0$6Alfano 957 $a100|Coll|56|K$b000012$i-1,b$gSI$d52888$racquisto$1bethb$2UNISOB$3UNISOB$420121017125843.0$520220705084718.0$6Alfano 996 $aIdeen zu einer reinen Phänomenologie und phänomenologischen Philosophie$930022 997 $aUNISOB